Lucky unlucky and 50/50 numbers in Greek Mythology - Statistics

General Stats
  • This quiz has been taken 34 times
  • The average score is 29 of 51
Answer Stats
Number Answer % Correct
4 Unlucky
91%
2 50/50
86%
3 Lucky
86%
6 Lucky
82%
7 Lucky
82%
9 Lucky
82%
10 Unlucky
82%
13 Unlucky
82%
5 50/50
77%
8 50/50
77%
1 None
77%
11 50/50
73%
14 50/50
73%
12 Lucky
73%
15 Lucky
73%
18 Lucky
73%
16 Unlucky
73%
17 50/50
68%
19 Unlucky
68%
20 50/50
64%
21 Lucky
64%
24 Lucky
64%
22 Unlucky
64%
25 Unlucky
64%
23 50/50
59%
27 Lucky
59%
28 Unlucky
59%
26 50/50
55%
29 50/50
55%
30 Lucky
50%
33 Lucky
45%
31 Unlucky
45%
34 Unlucky
45%
32 50/50
41%
36 Lucky
41%
35 50/50
36%
41 50/50
36%
39 Lucky
36%
42 Lucky
36%
37 Unlucky
36%
40 Unlucky
36%
38 50/50
32%
47 50/50
32%
50 50/50
32%
45 Lucky
32%
48 Lucky
32%
51 Lucky
32%
43 Unlucky
32%
46 Unlucky
32%
49 Unlucky
32%
44 50/50
27%
No matching quizzes found
Score Distribution
Percent of People with Each Score
Percentile by Number Answered
Your Score History
You have not taken this quiz